[Event "ch-RUS Blitz w 2016"]
[Site "Sochi RUS"]
[Date "2016.10.04"]
[Round "15.13"]
[White "Makarenko, Alexandra"]
[Black "Semenova, Elena1"]
[Result "1-0"]
[WhiteTitle "WFM"]
[BlackTitle "WIM"]
[WhiteElo "2243"]
[BlackElo "2256"]
[WhiteFideId "4165055"]
[BlackFideId "24125148"]
[EventDate "2016.10.04"]

1. e4 e5 2. Nf3 Nc6 3. Bb5 a6 4. Ba4 Nf6 5. O-O Be7 6. Re1 b5 7. Bb3 O-O 8. a4
b4 9. d3 d6 10. h3 Na5 11. Ba2 c5 12. Nbd2 Rb8 13. Bc4 Nxc4 14. Nxc4 Be6 15. Bg5
Nd7 16. Bxe7 Qxe7 17. Ne3 g6 18. b3 Rb7 19. Kh2 Nb8 20. Nd2 Nc6 21. Rf1 Qg5 22.
Nf3 Qf4+ 23. Kg1 Rd7 24. g3 Qf6 25. Ng4 Qg7 26. Kg2 h5 27. Ne3 f6 28. Qd2 Nd4
29. Nxd4 cxd4 30. Nc4 Bxc4 31. bxc4 a5 32. f4 Rb7 33. Rf2 Qe7 34. Raf1 Kg7 35.
Kh2 Rc7 36. fxe5 dxe5 37. Rf3 Rb7 38. Qf2 Rb6 39. g4 hxg4 40. hxg4 Rh8+ 41. Kg2
Rf8 42. g5 f5 43. exf5 1-0

[Event "ch-RUS Blitz w 2016"]
[Site "Sochi RUS"]
[Date "2016.10.04"]
[Round "15.14"]
[White "Shaydullina, Sandugach"]
[Black "Afanasieva, Alexandra"]
[Result "1-0"]
[WhiteTitle "WGM"]
[BlackTitle "WFM"]
[WhiteElo "2142"]
[BlackElo "1970"]
[WhiteFideId "4140389"]
[BlackFideId "34126926"]
[EventDate "2016.10.04"]

1. Nf3 d5 2. d4 Nf6 3. c4 e6 4. g3 Be7 5. Bg2 O-O 6. O-O dxc4 7. Qc2 a6 8. a4
Nbd7 9. Qxc4 a5 10. Nc3 c6 11. e4 Nb6 12. Qe2 h6 13. Rd1 Bb4 14. h4 Qe7 15. Na2
Rd8 16. Nxb4 Qxb4 17. Bd2 Qe7 18. Bc3 Bd7 19. Ne5 Be8 20. Qe1 Nbd7 21. Nxd7 Rxd7
22. Bxa5 c5 23. Bc3 cxd4 24. Bxd4 Rad8 25. Bxf6 Qxf6 26. e5 Qe7 27. Rxd7 Rxd7
28. Qc3 Qd8 29. Rf1 Rd1 30. Qb3 Rxf1+ 31. Kxf1 b6 32. Kg1 1-0

[Event "ch-RUS Blitz w 2016"]
[Site "Sochi RUS"]
[Date "2016.10.04"]
[Round "15.15"]
[White "Berdychevskaya, Natasha"]
[Black "Travkina, Anastasia"]
[Result "0-1"]
[WhiteTitle "WFM"]
[BlackTitle "WFM"]
[WhiteElo "2208"]
[BlackElo "2292"]
[WhiteFideId "4159322"]
[BlackFideId "24129151"]
[EventDate "2016.10.04"]

1. e4 e5 2. Nf3 Nc6 3. Bb5 g6 4. c3 a6 5. Ba4 Bg7 6. d4 exd4 7. cxd4 b5 8. Bb3
Nge7 9. O-O d6 10. h3 O-O 11. Nc3 Na5 12. Bc2 Bb7 13. Re1 c5 14. d5 Nc4 15. Bd3
Nb6 16. Re2 c4 17. Bb1 b4 18. Na4 a5 19. Be3 Nxa4 20. Qxa4 f5 21. Nd4 Bc8 22.
Nc6 Nxc6 23. Qxc6 c3 24. bxc3 Ra6 25. Qc4 Bxc3 26. Bd4 Bxd4 27. Qxd4 f4 28. f3
Ra8 29. Bd3 Bd7 30. e5 dxe5 31. Qxe5 Rc8 32. Rae1 Rc3 33. Bc2 Bb5 34. Rd2 Qb6+
35. Kh2 Qf6 36. Qe6+ Kg7 37. Qe7+ Rf7 38. Qxf6+ Rxf6 39. d6 Kf8 40. Be4 Bd7 41.
Rd5 Rc6 42. Rxa5 Rcxd6 43. Ra8+ Kg7 44. Ra7 Kh6 45. Rb1 Rd4 46. a3 bxa3 47. Rxa3
Rd2 48. Rab3 Ra6 49. R3b2 Rad6 0-1

[Event "ch-RUS Blitz w 2016"]
[Site "Sochi RUS"]
[Date "2016.10.04"]
[Round "16.1"]
[White "Bodnaruk, Anastasia"]
[Black "Charochkina, Daria"]
[Result "0-1"]
[WhiteTitle "IM"]
[BlackTitle "IM"]
[WhiteElo "2463"]
[BlackElo "2366"]
[WhiteFideId "4181751"]
[BlackFideId "4180917"]
[EventDate "2016.10.04"]

1. e4 c6 2. d4 d5 3. e5 Bf5 4. Nf3 e6 5. Be2 Nd7 6. O-O Ne7 7. Nbd2 h6 8. Nb3
Bg6 9. a4 Nf5 10. Bd2 Be7 11. g4 Nh4 12. Nxh4 Bxh4 13. f4 Be4 14. Bf3 f5 15.
exf6 Nxf6 16. Nc5 Qe7 17. Bxe4 dxe4 18. Qe2 O-O-O 19. c3 g5 20. Nxe4 Nd5 21.
fxg5 Bxg5 22. Rae1 Bxd2 23. Nxd2 Qh4 24. Qxe6+ Kb8 25. Qe5+ Ka8 26. Qg3 Qg5 27.
Ne4 Qg7 28. h3 h5 29. g5 h4 30. Qg4 a6 31. Kh1 Rde8 32. Nd6 Rxe1 33. Rxe1 Rf8
34. Nf5 Qg6 35. Re5 Nb6 36. Ne3 Qd3 37. Kg2 Nc4 38. Nxc4 Qf1+ 39. Kh2 Rf2+ 0-1

[Event "ch-RUS Blitz w 2016"]
[Site "Sochi RUS"]
[Date "2016.10.04"]
[Round "16.3"]
[White "Drozdova, Dina"]
[Black "Pustovoitova, Daria"]
[Result "1-0"]
[WhiteTitle "WIM"]
[BlackTitle "FM"]
[WhiteElo "2242"]
[BlackElo "2386"]
[WhiteFideId "4170695"]
[BlackFideId "4182146"]
[EventDate "2016.10.04"]

1. d4 d5 2. c4 e6 3. Nc3 Be7 4. cxd5 exd5 5. Bf4 Nf6 6. e3 c6 7. Bd3 O-O 8. Nge2
Nh5 9. Bg3 Re8 10. Qc2 h6 11. Bh7+ Kh8 12. Bf5 Nd7 13. Nf4 Nxf4 14. Bxf4 Nf6 15.
Bxc8 Rxc8 16. O-O Bb4 17. Be5 Nd7 18. Bg3 Bxc3 19. bxc3 b5 20. a4 a6 21. axb5
axb5 22. Ra7 Qe7 23. Qf5 Red8 24. Rfa1 g6 25. Be5+ Kh7 26. Qf4 Qe6 27. R1a6 g5
28. Qg3 Kg6 29. h4 Qf5 30. hxg5 hxg5 31. Qf3 Qb1+ 32. Kh2 f5 33. Qh3 Qc2 1-0

[Event "ch-RUS Blitz w 2016"]
[Site "Sochi RUS"]
[Date "2016.10.04"]
[Round "16.4"]
[White "Girya, Olga"]
[Black "Goryachkina, Aleksandra"]
[Result "0-1"]
[WhiteTitle "WGM"]
[BlackTitle "WGM"]
[WhiteElo "2446"]
[BlackElo "2460"]
[WhiteFideId "4195752"]
[BlackFideId "4147103"]
[EventDate "2016.10.04"]

1. d4 Nf6 2. Nf3 e6 3. Bf4 c5 4. e3 Nc6 5. c3 d5 6. h3 Bd6 7. Bxd6 Qxd6 8. Bd3
O-O 9. Nbd2 e5 10. dxe5 Nxe5 11. Nxe5 Qxe5 12. O-O h6 13. Nf3 Qe7 14. Qc2 Be6
15. Rad1 Rfd8 16. Rfe1 Rac8 17. c4 a6 18. cxd5 Nxd5 19. a3 b5 20. Bh7+ Kh8 21.
Bf5 c4 22. Bxe6 Qxe6 23. Rd4 Ne7 24. Red1 Nc6 25. Rxd8+ Rxd8 26. Rxd8+ Nxd8 27.
Nd4 Qd5 28. Qc3 Nc6 29. Nxc6 Qxc6 30. Qd4 Kh7 31. Kf1 a5 32. f3 b4 33. axb4 axb4
34. Ke2 Qg6 35. g4 Qc2+ 36. Qd2 Qb3 37. e4 c3 38. bxc3 bxc3 39. Qd3 g6 40. e5 c2
41. Qxb3 c1=N+ 42. Ke3 Nxb3 43. f4 Kg7 44. h4 Kf8 45. f5 Ke7 46. Kf4 Nc5 47. g5
h5 48. e6 fxe6 49. fxg6 Nd7 50. Ke4 Kf8 51. Kd4 Kg7 52. Kc4 Kxg6 53. Kd4 0-1

[Event "ch-RUS Blitz w 2016"]
[Site "Sochi RUS"]
[Date "2016.10.04"]
[Round "16.5"]
[White "Nechaeva, Marina"]
[Black "Pogonina, Natalija"]
[Result "0-1"]
[WhiteTitle "IM"]
[BlackTitle "WGM"]
[WhiteElo "2428"]
[BlackElo "2484"]
[WhiteFideId "4149351"]
[BlackFideId "4147855"]
[EventDate "2016.10.04"]

1. d4 Nf6 2. c4 e6 3. Nc3 d5 4. Bf4 Bd6 5. Bg5 Be7 6. e3 Nbd7 7. cxd5 exd5 8.
Bd3 c6 9. Nf3 Nh5 10. Bxe7 Qxe7 11. O-O Nhf6 12. Rb1 Ne4 13. Bxe4 dxe4 14. Nd2
Nf6 15. b4 a6 16. Na4 Bf5 17. Nc5 O-O 18. h3 b6 19. Na4 Rab8 20. Qc2 Rfc8 21.
Rfc1 h6 22. a3 Qe8 23. Nb2 Qe6 24. Nbc4 Nd5 25. Ne5 f6 26. Ng4 h5 27. Nh2 Bg6
28. Nhf1 h4 29. f3 Nxe3 30. Nxe3 exf3 31. Qb3 Re8 32. Rxc6 Qf7 33. Qxf7+ Kxf7
34. Re1 Rbd8 35. Nxf3 Be4 36. Kf2 Bxc6 37. Rc1 Bxf3 38. Kxf3 Rxd4 39. Rc7+ Kg6
40. Rxg7+ Kxg7 41. Nf5+ Kg6 42. Nxd4 Re5 43. Nc6 Re1 44. Nb8 a5 45. bxa5 bxa5
46. Nc6 a4 47. Nd4 Ra1 0-1

[Event "ch-RUS Blitz w 2016"]
[Site "Sochi RUS"]
[Date "2016.10.04"]
[Round "16.6"]
[White "Sukhareva, Evgeniya"]
[Black "Ambartsumova, Karina"]
[Result "0-1"]
[BlackTitle "WGM"]
[WhiteElo "2151"]
[BlackElo "2280"]
[WhiteFideId "4167155"]
[BlackFideId "4166299"]
[EventDate "2016.10.04"]

1. d4 Nf6 2. c4 e6 3. Nf3 d5 4. Bg5 Bb4+ 5. Nc3 Nbd7 6. e3 c5 7. cxd5 exd5 8.
Qc2 Qa5 9. Bd3 c4 10. Bf5 O-O 11. O-O Re8 12. a3 Bxc3 13. bxc3 g6 14. Bh3 Ne4
15. Rfc1 Nb6 16. Bxc8 Raxc8 17. a4 Kg7 18. Bf4 f6 19. h3 Rcd8 20. Rab1 Rd7 21.
Rb4 Nc8 22. Rcb1 Qa6 23. Qb2 Ree7 24. Qa3 Qc6 25. Ne1 g5 26. Bh2 Qe6 27. Qb2 b6
28. Qc2 h6 29. Ra1 a6 30. Rab1 Re8 31. Nf3 Rf7 32. Nd2 Nxd2 33. Qxd2 Qe4 34.
R1b2 Kg6 35. Qe2 Qe6 36. Qc2+ f5 37. Be5 Rb7 38. Rb1 Rf8 39. R1b2 Ne7 40. Bh2
Rc8 41. Rb1 Rc6 42. R4b2 Ng8 43. Rd1 Nf6 44. Re1 Rc8 45. f3 Re8 46. Qb1 Kf7 47.
Kh1 Ree7 48. Be5 Re8 49. Bh2 Nd7 50. Qc2 Qf6 51. Qb1 Re6 52. Rbe2 b5 53. a5 Nf8
54. Qb4 Rbe7 55. Qc5 Nd7 56. Qxd5 Kg6 57. e4 f4 58. e5 Qf5 59. Qe4 Nf8 60. Bg1
Nd7 61. Rb1 Nb8 62. Rbe1 Nd7 63. d5 Rxe5 64. Qxf5+ Kxf5 65. Rxe5+ Rxe5 66. Rd1
Re2 67. Bb6 Rc2 68. Bd4 Ra2 69. Bb6 Ra3 70. Re1 Rxc3 71. Re7 Nf6 72. d6 Rd3 73.
Bc5 Rd1+ 74. Kh2 c3 75. Ba3 c2 76. Bb2 c1=Q 77. Re5+ Kg6 78. Bxc1 Rxc1 79. Re6
Rd1 80. d7 Rxd7 81. Rxa6 Rb7 82. Rc6 b4 83. a6 Ra7 84. Rb6 Kf5 85. Kg1 Nd5 0-1

[Event "ch-RUS Blitz w 2016"]
[Site "Sochi RUS"]
[Date "2016.10.04"]
[Round "16.7"]
[White "Gritsayeva, Oksana"]
[Black "Baraeva, Marina"]
[Result "0-1"]
[WhiteTitle "WFM"]
[BlackTitle "WIM"]
[WhiteElo "2321"]
[BlackElo "2173"]
[WhiteFideId "14104652"]
[BlackFideId "24142573"]
[EventDate "2016.10.04"]

1. b3 d5 2. Bb2 Nf6 3. e3 c5 4. Nf3 a6 5. c4 Nc6 6. cxd5 Nxd5 7. a3 Bg4 8. d3 f6
9. Be2 e5 10. Nbd2 Be7 11. O-O O-O 12. Rc1 Rc8 13. Qc2 Be6 14. Qb1 Qd7 15. Ne4
b6 16. Rfd1 Rfd8 17. h3 Qe8 18. Ba1 Qf7 19. Kf1 Bf8 20. d4 exd4 21. exd4 Nxd4
22. Nxd4 cxd4 23. Bxa6 Ra8 24. Bc4 Bxa3 25. Bb2 Bxb2 26. Qxb2 Nc3 27. Bxe6 Qxe6
28. Nxc3 dxc3 29. Qxc3 Rxd1+ 30. Rxd1 Rc8 31. Qd3 h6 32. Qd5 Qxd5 33. Rxd5 Rc3
34. Rb5 Rc6 35. Ke2 Kf7 36. Ke3 Ke6 37. Kd4 g6 38. g3 h5 39. h4 Kd6 40. Rb4 Ke6
41. f3 f5 42. Rb5 Kd6 43. Rd5+ Ke6 44. Rd8 Rc1 45. Rb8 Rc6 46. b4 Rd6+ 47. Ke3
Ke5 48. b5 Kd5 49. Rc8 Ke5 50. Rc7 Re6 51. Kd3 Rd6+ 52. Ke3 Re6 53. f4+ Kd5+ 54.
Kd3 Rd6 55. Rg7 Re6 56. Kc3 Kc5 57. Rc7+ Kxb5 58. Kd4 Kb4 59. Kd5 Re3 60. Rc6
Rxg3 61. Rxb6+ Kc3 62. Ke5 Kd2 63. Kf6 Rg4 64. Rb7 Ke3 65. Ke5 Rxh4 66. Rb3+ Ke2
67. Kf6 Rg4 68. Ke5 h4 69. Rb2+ Kf3 70. Rb3+ Kg2 71. Rb2+ Kh1 72. Rb1+ Rg1 73.
Rb3 Kh2 74. Kd4 h3 75. Re3 Rg3 76. Re2+ Kg1 77. Re1+ Kf2 78. Ra1 h2 0-1

[Event "ch-RUS Blitz w 2016"]
[Site "Sochi RUS"]
[Date "2016.10.04"]
[Round "16.8"]
[White "Severina, Maria"]
[Black "Vasilevich, Irina"]
[Result "1/2-1/2"]
[WhiteTitle "WIM"]
[BlackTitle "IM"]
[WhiteElo "2232"]
[BlackElo "2285"]
[WhiteFideId "4116909"]
[BlackFideId "4141296"]
[EventDate "2016.10.04"]

1. Nf3 b6 2. g3 Bb7 3. Bg2 c5 4. O-O Nf6 5. c4 e6 6. Nc3 Be7 7. d4 cxd4 8. Qxd4
Nc6 9. Qf4 a6 10. Rd1 Rc8 11. Nd2 O-O 12. Nde4 Nxe4 13. Bxe4 f5 14. Bg2 Bf6 15.
Qd2 Rc7 16. b3 Na5 17. Bxb7 Nxb7 18. Bb2 Nc5 19. Rac1 Bg5 20. e3 Qa8 21. Ba3 Re8
22. Bxc5 bxc5 23. Qd6 Qc8 24. Na4 Be7 25. Qd3 d6 26. Rd2 Rf8 27. Rcd1 Qe8 28.
Nc3 Qh5 29. Qe2 Qg6 30. Qf3 Bf6 31. Ne2 Be7 32. Nf4 Qf7 33. h4 Rb8 34. Qe2 Bf8
35. Qd3 Ra7 36. Qc3 a5 37. Ne2 a4 38. Qc2 axb3 39. axb3 Ra3 40. Rd3 Qb7 41. Rb1
Qb4 42. Qc3 Qb6 43. Qc2 Be7 44. Qb2 Rba8 45. Qc2 Bf6 46. Nc3 Bxc3 47. Rxc3 Ra2
48. Rb2 Ra1+ 49. Rb1 R8a2 50. Qc1 Rxb1 51. Qxb1 Ra7 52. Rc2 Qb4 53. Ra2 Ra3 54.
Rxa3 Qxa3 55. Qd1 Qa6 56. Qd3 1/2-1/2

[Event "ch-RUS Blitz w 2016"]
[Site "Sochi RUS"]
[Date "2016.10.04"]
[Round "16.9"]
[White "Nebolsina, Vera"]
[Black "Potapova, Margarita"]
[Result "1-0"]
[WhiteTitle "WGM"]
[BlackTitle "WFM"]
[WhiteElo "2219"]
[BlackElo "2060"]
[WhiteFideId "4163591"]
[BlackFideId "14126869"]
[EventDate "2016.10.04"]

1. Nf3 d5 2. g3 Bg4 3. Bg2 Nd7 4. d4 Ngf6 5. Nbd2 e6 6. O-O Be7 7. Re1 c5 8. c3
O-O 9. h3 Bh5 10. e4 dxe4 11. Nxe4 Nxe4 12. Rxe4 Bg6 13. Re1 cxd4 14. Nxd4 Nc5
15. h4 h6 16. h5 Bh7 17. Qg4 Bg5 18. Bxg5 Qxg5 19. Qxg5 hxg5 20. Nb3 Nd3 21. Re2
a5 22. Bxb7 Ra7 23. Bg2 Rb8 24. Rd1 a4 25. Nc1 Nxb2 26. Rxb2 Rc8 27. Ne2 Bf5 28.
a3 Bg4 29. Be4 f5 30. Bb1 Bxh5 31. Ba2 Ra6 32. Re1 Bf7 33. f4 gxf4 34. gxf4 Rd6
35. Kf2 Rd3 36. Rb4 Ra8 37. Bb1 Rd2 38. Ke3 Rd7 39. Nd4 Rc7 40. Rc1 Raa7 41. Nb5 1-0

[Event "ch-RUS Blitz w 2016"]
[Site "Sochi RUS"]
[Date "2016.10.04"]
[Round "16.10"]
[White "Belova, Olga"]
[Black "Gvanceladze, Anna"]
[Result "1-0"]
[WhiteTitle "WFM"]
[BlackTitle "WFM"]
[WhiteElo "2035"]
[BlackElo "2223"]
[WhiteFideId "4138422"]
[BlackFideId "4113721"]
[EventDate "2016.10.04"]

1. d4 Nf6 2. Nc3 d5 3. Bg5 Bf5 4. Nf3 e6 5. e3 Be7 6. Bd3 Ne4 7. Bxe4 dxe4 8.
Bxe7 Qxe7 9. Nd2 Qh4 10. Qe2 O-O 11. O-O-O Nc6 12. g3 Qe7 13. Ndxe4 a6 14. g4
Bg6 15. h4 f5 16. gxf5 Bxf5 17. Ng3 Bg6 18. d5 exd5 19. Nxd5 Qc5 20. h5 Bf7 21.
Nc3 Rae8 22. h6 g6 23. Nge4 Qe5 24. f4 Qf5 25. Qg2 Bxa2 26. b3 Nb4 27. Kb2 a5
28. Rhg1 a4 29. Qg5 Qxg5 30. fxg5 axb3 31. Nf6+ Rxf6 32. gxf6 bxc2 33. f7+ Bxf7
34. Rd7 Be6 35. Rg7+ Kh8 36. Ne4 Nd5 37. Ng5 Bg8 38. Kxc2 Nxe3+ 39. Kd2 Nd5 40.
Nf7+ Bxf7 41. Rxf7 Kg8 42. Rgf1 b5 43. Rg7+ Kh8 44. Rff7 Re4 45. Rf8# 1-0

[Event "ch-RUS Blitz w 2016"]
[Site "Sochi RUS"]
[Date "2016.10.04"]
[Round "16.11"]
[White "Belenkaya, Dina"]
[Black "Abramova, Yulia"]
[Result "1-0"]
[WhiteTitle "WFM"]
[WhiteElo "2313"]
[BlackElo "1969"]
[WhiteFideId "24142654"]
[BlackFideId "24104655"]
[EventDate "2016.10.04"]

1. e4 c5 2. Nf3 Nc6 3. Bb5 Nf6 4. Qe2 Qb6 5. e5 Nd5 6. Nc3 Nf4 7. Qf1 Nb4 8. Ba4
Nbd5 9. Nxd5 Nxd5 10. Qc4 e6 11. O-O Be7 12. Qg4 g6 13. c4 h5 14. Qe4 Nb4 15. d4
cxd4 16. Nxd4 a6 17. Be3 Qc7 18. Rad1 Rb8 19. Nxe6 fxe6 20. Qxg6+ Kd8 21. Qxe6
d5 22. Qg6 Qxe5 23. Bb6+ 1-0

[Event "ch-RUS Blitz w 2016"]
[Site "Sochi RUS"]
[Date "2016.10.04"]
[Round "16.12"]
[White "Sazonova, Anastasia"]
[Black "Komiagina, Maria"]
[Result "1-0"]
[WhiteTitle "WFM"]
[BlackTitle "WIM"]
[WhiteElo "2115"]
[BlackElo "2247"]
[WhiteFideId "24131008"]
[BlackFideId "4153987"]
[EventDate "2016.10.04"]

1. d4 Nf6 2. c4 e6 3. Nf3 d5 4. Nc3 c6 5. Qd3 Bb4 6. a3 Bxc3+ 7. Qxc3 Ne4 8. Qc2
f5 9. g3 Nd7 10. Bg2 O-O 11. O-O Nb6 12. b3 Nd7 13. a4 g5 14. Ne5 Nxe5 15. dxe5
g4 16. f3 gxf3 17. exf3 Ng5 18. Ba3 Re8 19. Rad1 Bd7 20. Bd6 Rc8 21. c5 h6 22.
Rd4 Kh7 23. h4 Nf7 24. Re1 Rg8 25. Kf2 Be8 26. Rh1 b6 27. b4 Qd7 28. g4 Nxd6 29.
cxd6 c5 30. bxc5 Rxc5 31. Qb1 Bg6 32. h5 Bf7 33. Bh3 Qc8 34. gxf5 Rc2+ 35. Ke3
Qc3+ 36. Rd3 Qc5+ 37. Rd4 Qc3+ 38. Rd3 d4+ 39. Ke4 1-0

[Event "ch-RUS Blitz w 2016"]
[Site "Sochi RUS"]
[Date "2016.10.04"]
[Round "16.13"]
[White "Semenova, Elena1"]
[Black "Makarenko, Alexandra"]
[Result "1-0"]
[WhiteTitle "WIM"]
[BlackTitle "WFM"]
[WhiteElo "2256"]
[BlackElo "2243"]
[WhiteFideId "24125148"]
[BlackFideId "4165055"]
[EventDate "2016.10.04"]

1. e4 c5 2. Nf3 d6 3. d4 cxd4 4. Qxd4 Nc6 5. Bb5 Bd7 6. Bxc6 bxc6 7. c4 c5 8.
Qd3 Nf6 9. O-O g6 10. e5 Bf5 11. Qe2 dxe5 12. Nxe5 Bg7 13. Nc3 Rc8 14. Rd1 Qb6
15. Bg5 O-O 16. Bxf6 Bxf6 17. Nd5 Qd6 18. Nxf6+ Qxf6 19. Nd7 Bxd7 20. Rxd7 Rfd8
21. Rxe7 a6 22. Re1 Rb8 23. b3 Kg7 24. h3 Rd6 25. Qe5 Rbd8 26. Qxf6+ Kxf6 27.
Rc7 Rd2 28. Ree7 Rxa2 29. Rxf7+ Ke5 30. Rcd7 Ra1+ 31. Kh2 Rb8 32. Rd5+ Ke6 33.
Rxh7 Rxb3 34. Rxc5 Rb2 35. Rc6+ Ke5 36. Re7+ Kd4 37. Rf7 a5 38. c5 a4 39. Rxg6
a3 40. c6 a2 41. Ra7 Rc1 42. c7 Rbc2 43. c8=Q Rxc8 44. Rxa2 Rf1 45. Rd2+ Ke5 46.
Rg5+ Kf6 47. Rg3 Rcc1 48. Rf3+ Kg5 49. Rd5+ Kg6 50. Kg3 Rc4 51. Rff5 Re1 52.
Rfe5 Rg1 53. Rd6+ Kf7 54. Rf5+ Ke7 55. Ra6 Rc7 56. Rh5 Rc3+ 57. f3 Rc7 58. Rh7+
Kd8 59. Ra8+ Rc8 60. Rh8+ 1-0

[Event "ch-RUS Blitz w 2016"]
[Site "Sochi RUS"]
[Date "2016.10.04"]
[Round "16.14"]
[White "Afanasieva, Alexandra"]
[Black "Shaydullina, Sandugach"]
[Result "0-1"]
[WhiteTitle "WFM"]
[BlackTitle "WGM"]
[WhiteElo "1970"]
[BlackElo "2142"]
[WhiteFideId "34126926"]
[BlackFideId "4140389"]
[EventDate "2016.10.04"]

1. e4 c5 2. Nf3 d6 3. d4 cxd4 4. Nxd4 Nf6 5. Nc3 Nc6 6. Bg5 Bd7 7. Qd2 h6 8.
Bxf6 gxf6 9. O-O-O Nxd4 10. Qxd4 Qa5 11. Kb1 Rc8 12. f4 Qc5 13. Qxc5 Rxc5 14.
Nd5 f5 15. exf5 Bxf5 16. Ne3 Be4 17. Bd3 Bxd3 18. Rxd3 Bg7 19. c3 Kd7 20. g3 h5
21. Re1 h4 22. Nd5 e6 23. Nb4 hxg3 24. hxg3 a5 25. Nc2 d5 26. Ne3 b5 27. a3 a4
28. Ng4 Rcc8 29. Kc2 Kc6 30. Ne5+ Bxe5 31. Rxe5 Rh2+ 32. Rd2 Rh3 33. Rg5 Rch8
34. Rg7 R3h7 35. Rxh7 Rxh7 36. Kd3 f6 37. Re2 Kd6 38. Kd4 Rh5 39. g4 e5+ 40.
fxe5+ fxe5+ 41. Kd3 Rh3+ 42. Kd2 Rg3 43. Rf2 Rxg4 44. Rf6+ Kc5 45. Re6 e4 46.
Re8 Rg2+ 47. Kc1 Kc4 48. Rh8 e3 49. Re8 Kd3 0-1

[Event "ch-RUS Blitz w 2016"]
[Site "Sochi RUS"]
[Date "2016.10.04"]
[Round "16.15"]
[White "Travkina, Anastasia"]
[Black "Berdychevskaya, Natasha"]
[Result "0-1"]
[WhiteTitle "WFM"]
[BlackTitle "WFM"]
[WhiteElo "2292"]
[BlackElo "2208"]
[WhiteFideId "24129151"]
[BlackFideId "4159322"]
[EventDate "2016.10.04"]

1. e4 e5 2. Nf3 Nc6 3. Bc4 Bc5 4. b4 Bxb4 5. c3 Ba5 6. d4 exd4 7. O-O d3 8. Qb3
Qf6 9. e5 Qg6 10. Rd1 Nge7 11. Bxd3 Qh5 12. Nbd2 Nxe5 13. Nxe5 Qxe5 14. Nc4 Qxc3
15. Nxa5 Qxa5 16. Bd2 Qb6 17. Qa3 d6 18. Rab1 Qc5 19. Bb4 Qg5 20. Bd2 Qh5 21.
Qa4+ Bd7 22. Qd4 O-O 23. Bc3 Qh6 24. Rxb7 Nc6 25. Qd5 Rac8 26. Qf3 Ne5 27. Bxe5
dxe5 28. h3 Bc6 29. Bxh7+ Kxh7 30. Qd3+ Kg8 31. Rxa7 Qh5 32. Re1 Qg5 33. f3 Rfd8
34. Qc2 Rd2 0-1

[Event "ch-RUS Blitz w 2016"]
[Site "Sochi RUS"]
[Date "2016.10.04"]
[Round "17.1"]
[White "Drozdova, Dina"]
[Black "Charochkina, Daria"]
[Result "1/2-1/2"]
[WhiteTitle "WIM"]
[BlackTitle "IM"]
[WhiteElo "2242"]
[BlackElo "2366"]
[WhiteFideId "4170695"]
[BlackFideId "4180917"]
[EventDate "2016.10.04"]

1. d4 f5 2. e4 fxe4 3. Nc3 Nf6 4. Bg5 e6 5. Nxe4 Be7 6. Bxf6 Bxf6 7. Nf3 O-O 8.
c3 b6 9. Bd3 Bb7 10. O-O Nc6 11. Qe2 Qe7 12. Rae1 Rae8 13. Ng3 Qf7 14. Be4 g6
15. Ne5 Qg7 16. Nxc6 dxc6 17. f4 Bh4 18. Qg4 Bd8 19. Qf3 Qd7 20. Qg4 Kh8 21. Bf3
Ba6 22. Be2 Bc8 23. Ne4 Qg7 24. Qg3 c5 25. dxc5 Bb7 26. Bf3 Rf5 27. cxb6 axb6
28. Ng5 Ba6 29. Be2 Bxe2 30. Rxe2 Bxg5 31. fxg5 Rxf1+ 32. Kxf1 Rf8+ 33. Rf2 Rd8
34. Qf3 Qd7 35. g3 Kg8 36. Kg2 c5 37. h4 Qe7 38. Qf6 Qb7+ 39. Qf3 Qe7 40. Qe4
Rd5 41. c4 Rd4 42. Qa8+ Kg7 43. b3 Rd8 44. Qe4 Rd4 45. Qc6 Rd6 46. Qf3 Qe8 47.
Qf6+ Kg8 48. Qf3 e5 49. Qb7 Rd7 50. Qc6 e4 51. Re2 e3 52. Qf3 Re7 53. a4 Re4 54.
Kh3 Qe6+ 55. Kg2 Qe8 1/2-1/2

[Event "ch-RUS Blitz w 2016"]
[Site "Sochi RUS"]
[Date "2016.10.04"]
[Round "17.2"]
[White "Tomilova, Elena"]
[Black "Pogonina, Natalija"]
[Result "1/2-1/2"]
[WhiteTitle "WIM"]
[BlackTitle "WGM"]
[WhiteElo "2309"]
[BlackElo "2484"]
[WhiteFideId "4162340"]
[BlackFideId "4147855"]
[EventDate "2016.10.04"]

1. c4 e5 2. g3 c5 3. Bg2 d6 4. Nc3 g6 5. e3 Bg7 6. Nge2 Nc6 7. O-O Nge7 8. d3
O-O 9. a3 a5 10. Rb1 Be6 11. Nd5 Rb8 12. Bd2 Qd7 13. b4 axb4 14. axb4 cxb4 15.
Nxb4 Nxb4 16. Bxb4 Nc6 17. Nc3 f5 18. Nd5 Nxb4 19. Rxb4 Kh8 20. Qb3 f4 21. exf4
Bxd5 22. Bxd5 exf4 23. Rxb7 Rxb7 24. Qxb7 Qxb7 25. Bxb7 Bd4 26. Kg2 fxg3 27.
hxg3 Kg7 28. f4 Rb8 29. Bd5 Rb3 30. Be4 Rb2+ 31. Kh3 h5 32. f5 g5 33. g4 1/2-1/2

[Event "ch-RUS Blitz w 2016"]
[Site "Sochi RUS"]
[Date "2016.10.04"]
[Round "17.4"]
[White "Goryachkina, Aleksandra"]
[Black "Pustovoitova, Daria"]
[Result "1-0"]
[WhiteTitle "WGM"]
[BlackTitle "FM"]
[WhiteElo "2460"]
[BlackElo "2386"]
[WhiteFideId "4147103"]
[BlackFideId "4182146"]
[EventDate "2016.10.04"]

1. d4 d5 2. c4 c6 3. cxd5 cxd5 4. Bf4 Nf6 5. Nc3 Nc6 6. e3 a6 7. Bd3 e6 8. Nf3
Bd7 9. O-O Be7 10. h3 O-O 11. Rc1 Na5 12. Ne5 Be8 13. Qe2 b5 14. a3 Nc4 15. Nxc4
bxc4 16. Bb1 Bc6 17. e4 dxe4 18. Nxe4 Nxe4 19. Bxe4 Bxe4 20. Qxe4 Rc8 21. Rfe1
Bf6 22. Be5 Bxe5 23. dxe5 Qb6 24. Re2 Qb3 25. Rc3 Qd1+ 26. Re1 Qd5 27. Qxd5 exd5
28. Rd1 Rfd8 29. b3 cxb3 30. Rxb3 Rc5 31. Rd4 Kf8 32. Rb7 Rc1+ 33. Kh2 Rc2 34.
Rf4 Kg8 35. Rfxf7 d4 36. Rxg7+ Kf8 37. Rbf7+ Ke8 38. e6 1-0

[Event "ch-RUS Blitz w 2016"]
[Site "Sochi RUS"]
[Date "2016.10.04"]
[Round "17.5"]
[White "Girya, Olga"]
[Black "Severina, Maria"]
[Result "1-0"]
[WhiteTitle "WGM"]
[BlackTitle "WIM"]
[WhiteElo "2446"]
[BlackElo "2232"]
[WhiteFideId "4195752"]
[BlackFideId "4116909"]
[EventDate "2016.10.04"]

1. d4 Nf6 2. Nf3 b6 3. c4 e6 4. g3 Bb4+ 5. Bd2 a5 6. Bg2 Bb7 7. O-O O-O 8. Bf4
Be7 9. Nc3 Ne4 10. Nb5 Na6 11. Rc1 d6 12. Re1 Qc8 13. Nd2 Nxd2 14. Qxd2 Bxg2 15.
Kxg2 Qd7 16. e4 c6 17. Nc3 b5 18. cxb5 cxb5 19. b3 Rfc8 20. Qe2 b4 21. Na4 Qb7
22. f3 Nc7 23. Be3 Nb5 24. Bf2 h6 25. d5 exd5 26. exd5 Bg5 27. Rxc8+ Rxc8 28.
Nb6 Rd8 29. Qxb5 1-0